| 000 | 00406nam a2200157Ia 4500 | ||
|---|---|---|---|
| 008 | 230312s9999||||xx |||||||||||||| ||und|| | ||
| 020 | _a81-8128-211-6 | ||
| 082 |
_a621.3815 _bMOH-C |
||
| 100 | _aMohan,P.V.Ananda | ||
| 245 | 0 | _aCurrent- mode VLSI Analog Filters | |
| 260 |
_bBirkhauser _aBoston _c2004 |
||
| 300 | _a453 | ||
| 546 | _aEng. | ||
| 650 |
_aEngineering _vSwitched-Current Filters |
||
| 942 | _cBK | ||
| 999 |
_c1727 _d1727 |
||